[Event "Reykjavik Open"]
[Site "Reykjavik ISL"]
[Date "2012.03.11"]
[Round "7.72"]
[White "Thorsteinsdottir, Gudlaug"]
[Black "Antonsson, Atli"]
[Result "0-1"]
[WhiteTitle "WFM"]
[WhiteElo "2085"]
[BlackElo "1849"]
[WhiteFideId "2300753"]
[BlackFideId "2307987"]
[EventDate "2012.03.06"]

1. d4 f5 2. c4 Nf6 3. g3 e6 4. Bg2 c6 5. Nf3 d5 6. Nbd2 Bd6 7. O-O O-O 8. b3 b6
9. Bb2 Bb7 10. Rc1 Qe7 11. Ne5 Nbd7 12. Ndf3 Rac8 13. Qd3 Ne4 14. Nxd7 Qxd7 15.
Ne5 Qe7 16. Rc2 c5 17. e3 Bxe5 18. dxe5 dxc4 19. bxc4 Rcd8 20. Qe2 Ng5 21. f3
Bc6 22. e4 fxe4 23. f4 Nf3+ 24. Bxf3 exf3 25. Qe3 Rd7 26. Rd2 Rxd2 27. Qxd2 Rd8
28. Qe3 Qd7 29. h3 Qd2 30. Qxd2 Rxd2 31. Rf2 Rd1+ 32. Rf1 f2+ 33. Kxf2 Rd2+ 0-1

[Event "Reykjavik Open"]
[Site "Reykjavik ISL"]
[Date "2012.03.11"]
[Round "7.73"]
[White "Forsa, Elise"]
[Black "Stam, Bart"]
[Result "1/2-1/2"]
[WhiteElo "1789"]
[BlackElo "2048"]
[WhiteFideId "1500163"]
[BlackFideId "1006240"]
[EventDate "2012.03.06"]

1. e4 c5 2. Nf3 d6 3. d4 cxd4 4. Nxd4 Nf6 5. Nc3 a6 6. Be2 e5 7. Nb3 Be7 8. O-O
Be6 9. f4 exf4 10. Rxf4 Nc6 11. Nd5 O-O 12. Be3 Bxd5 13. exd5 Ne5 14. Qd2 Rc8
15. Raf1 Ng6 16. Rb4 Qc7 17. c3 Ne8 18. Bb6 Qd7 19. Bd3 Bd8 20. Bd4 1/2-1/2

[Event "Reykjavik Open"]
[Site "Reykjavik ISL"]
[Date "2012.03.11"]
[Round "7.74"]
[White "Shepherd, Michael"]
[Black "Traustason, Ingi Tandri"]
[Result "1/2-1/2"]
[WhiteElo "2011"]
[BlackElo "1824"]
[WhiteFideId "2401444"]
[BlackFideId "2302934"]
[EventDate "2012.03.06"]

1. d4 Nf6 2. c4 c5 3. d5 b5 4. cxb5 a6 5. b6 Qxb6 6. Nc3 d6 7. a4 a5 8. e4 Ba6
9. Bb5+ Bxb5 10. axb5 g6 11. Nf3 Bg7 12. O-O O-O 13. Nd2 Nbd7 14. Nc4 Qc7 15.
Bf4 Rfb8 16. Re1 Ne8 17. Qd2 Nb6 18. Na3 Qd8 19. Bh6 Nc7 20. Bxg7 Kxg7 21. Re3
Kg8 22. Rh3 Qf8 23. Rd1 Qg7 24. Kh1 Nd7 25. f4 Ne8 26. Nc2 Nc7 27. Na3 Ne8 28.
Qe2 Nc7 29. Qg4 Nf6 30. Qh4 h5 31. Qe1 Ng4 32. Rf3 Rb7 33. h3 Nh6 34. Qe3 Rab8
35. f5 Kh7 36. Rdf1 f6 37. fxg6+ Qxg6 38. Rg3 Qf7 39. Qf3 Qf8 40. Qd3 Kh8 41.
Qe3 Qf7 1/2-1/2

[Event "Reykjavik Open"]
[Site "Reykjavik ISL"]
[Date "2012.03.11"]
[Round "7.78"]
[White "Leosson, Atli Johann"]
[Black "Mehringer, Joerg"]
[Result "1-0"]
[WhiteElo "1682"]
[BlackElo "1903"]
[WhiteFideId "2308533"]
[BlackFideId "12915351"]
[EventDate "2012.03.06"]

1. e4 e5 2. Nf3 Nc6 3. Bc4 Nf6 4. Nc3 Bc5 5. d3 d6 6. Bg5 h6 7. Bxf6 Qxf6 8. Nd5
Qd8 9. a3 a5 10. c3 O-O 11. h3 Ne7 12. Ne3 Bxe3 13. fxe3 d5 14. exd5 Nxd5 15.
Qe2 Qd6 16. O-O Be6 17. Rf2 f5 18. Bxd5 Bxd5 19. e4 fxe4 20. dxe4 Bc6 21. Qc4+
Kh7 22. Rd2 Qe7 23. b4 Rf4 24. Re1 axb4 25. axb4 Raf8 26. b5 Be8 27. Qd5 Qf6 28.
Nxe5 c6 29. bxc6 bxc6 30. Qd6 Rf1+ 31. Rxf1 Qxf1+ 32. Kh2 Rf6 33. Qd4 Qf4+ 34.
g3 Qf1 35. Ng4 Rf3 36. Rf2 Rxf2+ 37. Qxf2 Qd3 38. Qf5+ Bg6 39. Qxg6+ Kxg6 40.
Ne5+ 1-0

[Event "Reykjavik Open"]
[Site "Reykjavik ISL"]
[Date "2012.03.11"]
[Round "7.79"]
[White "Helin, Mikael"]
[Black "Brynjarsson, Eirikur Orn"]
[Result "1-0"]
[WhiteElo "1884"]
[BlackElo "1638"]
[WhiteFideId "1703838"]
[BlackFideId "2301580"]
[EventDate "2012.03.06"]

1. e4 e5 2. Nc3 Nc6 3. Bc4 Bc5 4. d3 d6 5. a3 Nge7 6. f4 exf4 7. Nf3 Ng6 8. d4
Bb6 9. Nd5 Bg4 10. c3 Bxf3 11. Qxf3 Qh4+ 12. g3 Qh3 13. Bxf4 Nh4 14. Qf2 Ng2+
15. Kd1 Nxf4 16. Nxf4 Qd7 17. Nd5 O-O 18. h3 Na5 19. Ba2 Rae8 20. Qc2 Kh8 21. g4
Nc6 22. Qd3 Ne7 23. Ne3 Ng6 24. Rf1 f6 25. Rc1 Qe7 26. Bb1 c6 27. h4 Rg8 28. h5
Nf8 29. Nf5 Qe6 30. Rg1 h6 31. Nh4 d5 32. exd5 cxd5 33. Qh7+ 1-0

[Event "Reykjavik Open"]
[Site "Reykjavik ISL"]
[Date "2012.03.11"]
[Round "7.80"]
[White "Mozelius, Peter"]
[Black "Fridthjofsdottir, Sigurl. Regina"]
[Result "0-1"]
[WhiteElo "1882"]
[BlackElo "1731"]
[WhiteFideId "1709704"]
[BlackFideId "2300788"]
[EventDate "2012.03.06"]

1. Nf3 e6 2. g3 d5 3. Bg2 Nf6 4. O-O c5 5. d3 Nc6 6. Nbd2 Be7 7. Re1 O-O 8. e4
dxe4 9. dxe4 e5 10. c3 Qc7 11. Qc2 h6 12. Nc4 Be6 13. Na3 Rad8 0-1

[Event "Reykjavik Open"]
[Site "Reykjavik ISL"]
[Date "2012.03.11"]
[Round "7.82"]
[White "Heimisson, Hilmir Freyr"]
[Black "Andersen, Daniel"]
[Result "0-1"]
[BlackTitle "FM"]
[WhiteElo "1602"]
[BlackElo "1879"]
[WhiteFideId "2309998"]
[BlackFideId "1402714"]
[EventDate "2012.03.06"]

1. e4 c5 2. Nf3 d6 3. d4 cxd4 4. Nxd4 Nf6 5. Nc3 g6 6. Bc4 Bg7 7. Be3 O-O 8. Qd2
Nc6 9. O-O-O Bd7 10. f3 Rc8 11. Bb3 Ne5 12. h3 Nc4 13. Bxc4 Rxc4 14. g4 a6 15.
h4 h5 16. g5 Ne8 17. Rdf1 Nc7 18. f4 Nb5 19. Ncxb5 axb5 20. f5 b4 21. Ne2 Qa5
22. f6 Qxa2 23. Kd1 exf6 24. gxf6 Bh8 25. Bh6 Re8 26. Rhg1 Qa1+ 27. Nc1 Bg4+ 28.
Rxg4 hxg4 29. Rf4 Qxb2 30. Nb3 Rexe4 31. Rxe4 Rxe4 32. Qd5 Qe5 33. Qd3 Bxf6 34.
h5 gxh5 35. Qd2 Rd4 36. Nxd4 Qxd4 37. Qxd4 Bxd4 38. Ke2 Kh7 39. Bf4 Bc5 40. Bg3
Kg6 41. Bh4 d5 42. Kf1 Kf5 43. Kg2 Ke4 44. Kf1 f5 45. Ke2 f4 46. Kf1 Kf3 47. c4
dxc4 48. Bf2 Be7 49. Be1 g3 50. Kg1 Bc5+ 51. Kh1 g2+ 52. Kh2 g1=Q+ 53. Kh3 Qg4+
54. Kh2 Qg2# 0-1

[Event "Reykjavik Open"]
[Site "Reykjavik ISL"]
[Date "2012.03.11"]
[Round "7.83"]
[White "Jonsson, Olafur Gisli"]
[Black "Petersson, Baldur Teodor"]
[Result "1-0"]
[WhiteElo "1877"]
[BlackElo "1524"]
[WhiteFideId "2302705"]
[BlackFideId "2309157"]
[EventDate "2012.03.06"]

1. e4 e5 2. Nf3 Nc6 3. Bc4 Nf6 4. d3 Be7 5. c3 O-O 6. Bb3 h6 7. Nbd2 Bc5 8. Nc4
d6 9. O-O Kh8 10. Ne3 Bxe3 11. Bxe3 Bg4 12. Qe2 Nh7 13. h3 Bh5 14. g4 Bg6 15.
Kh2 Na5 16. Bc2 f6 17. Nh4 Qe8 18. f4 Nc6 19. Rf2 Ne7 20. Raf1 Qb5 21. Nxg6+
Nxg6 22. f5 Ne7 23. Bb3 Rfd8 24. h4 a5 25. g5 hxg5 26. hxg5 Qe8 27. Kg3 d5 28.
Rh2 Kg8 29. Rfh1 fxg5 30. Rxh7 Kf8 31. Bc5 Kf7 32. Bxe7 Kxe7 33. Rxg7+ Kd6 34.
Rh6+ Kc5 35. d4+ exd4 36. Rxc7+ Qc6 37. cxd4+ Kxd4 38. Rcxc6 bxc6 39. Rxc6 g4
40. Bxd5 Rh8 41. Qc4+ Ke3 42. Qb3+ Kd2 43. Rc2+ Ke1 44. Qe3+ Kf1 45. Rc1# 1-0

[Event "Reykjavik Open"]
[Site "Reykjavik ISL"]
[Date "2012.03.11"]
[Round "7.84"]
[White "Gunnlaugsson, Gisli"]
[Black "Hauksdottir, Hrund"]
[Result "0-1"]
[WhiteElo "1875"]
[BlackElo "1627"]
[WhiteFideId "2301776"]
[BlackFideId "2302608"]
[EventDate "2012.03.06"]

1. e4 e5 2. Nf3 Nc6 3. Bb5 a6 4. Ba4 b5 5. Bb3 Bc5 6. c3 d6 7. d4 exd4 8. Nxd4
Ne5 9. O-O Nf6 10. Bg5 h6 11. Bh4 O-O 12. Nd2 Bb7 13. Bc2 Re8 14. f3 Ng6 15. Bf2
Nh5 16. N2b3 Bb6 17. Qd2 Nhf4 18. Nf5 Bxf2+ 19. Rxf2 Qg5 20. Kh1 Rad8 21. Re1
Re5 22. g3 Nh3 23. Rff1 Qf6 24. Kg2 Ng5 25. h4 Nh7 26. f4 Ree8 27. Kh2 Ne7 28.
Nbd4 Nxf5 29. Nxf5 Qe6 30. Nd4 Qd7 31. Rf2 Nf6 32. Rfe2 d5 33. e5 Ne4 34. Qe3
Qg4 35. Qf3 Qxf3 36. Nxf3 Kf8 37. Bxe4 dxe4 38. Nd2 f5 39. g4 g6 40. h5 fxg4 41.
hxg6 Kg7 42. Nxe4 Kxg6 43. Ng3 Bf3 44. f5+ Kg5 45. Rf2 h5 0-1

[Event "Reykjavik Open"]
[Site "Reykjavik ISL"]
[Date "2012.03.11"]
[Round "7.86"]
[White "Stefansson, Vignir Vatnar"]
[Black "Sjol, Henrik"]
[Result "0-1"]
[WhiteElo "1474"]
[BlackElo "1892"]
[WhiteFideId "2308649"]
[BlackFideId "1505629"]
[EventDate "2012.03.06"]

1. d4 d5 2. c4 c6 3. Nc3 Nf6 4. Bf4 e6 5. e3 Nbd7 6. Bd3 Be7 7. Nf3 O-O 8. c5
Nh5 9. Bg3 g6 10. b4 Re8 11. O-O Nxg3 12. hxg3 Bf6 13. b5 e5 14. bxc6 bxc6 15.
Be2 e4 16. Nh2 Nxc5 17. Qc2 Ne6 18. Na4 Bd7 19. Ba6 Qa5 20. Bb7 Rab8 21. Rab1
Be7 22. Rfc1 Ba3 23. Rd1 Bb4 24. a3 Rxb7 25. axb4 Rxb4 26. Rxb4 Qxb4 27. Ng4 Kg7
28. Ne5 Qd6 29. Rc1 Rc8 30. Nc5 Nxc5 31. Qxc5 Qxc5 32. Rxc5 Be8 33. Ra5 Rc7 34.
f4 Rb7 35. Ra6 Rc7 36. Ra5 h5 37. g4 f6 38. gxh5 fxe5 39. fxe5 gxh5 40. Kh2 Kf7
41. Kg3 Ke6 42. Rc5 Rg7+ 43. Kf2 Rb7 44. Kg3 Rb5 0-1

[Event "Reykjavik Open"]
[Site "Reykjavik ISL"]
[Date "2012.03.11"]
[Round "7.87"]
[White "Leite, Steinar"]
[Black "Johannesson, Kristofer Joel"]
[Result "1-0"]
[WhiteElo "1707"]
[BlackElo "1449"]
[WhiteFideId "1510428"]
[BlackFideId "2306760"]
[EventDate "2012.03.06"]

1. e4 e5 2. Nf3 Nc6 3. Bc4 Bc5 4. b4 Bxb4 5. c3 Ba5 6. d4 d6 7. O-O Bg4 8. Qb3
Qd7 9. Ng5 Nd8 10. f4 Bb6 11. fxe5 Be6 12. Nxe6 fxe6 13. Kh1 dxe5 14. Ba3 Ne7
15. Nd2 exd4 16. cxd4 Bxd4 17. Rad1 Nec6 18. Qf3 Bf6 19. Nb3 Ne5 20. Qh5+ g6 21.
Qe2 Qg7 22. Nc5 Nxc4 23. Qxc4 g5 24. Nxe6 Qf7 25. Nxc7+ 1-0

[Event "Reykjavik Open"]
[Site "Reykjavik ISL"]
[Date "2012.03.11"]
[Round "7.88"]
[White "Davidsdottir, Nansy"]
[Black "Lensebakken, Jonar"]
[Result "1/2-1/2"]
[WhiteElo "1379"]
[BlackElo "1643"]
[WhiteFideId "2309491"]
[BlackFideId "1515462"]
[EventDate "2012.03.06"]

1. e4 c6 2. d4 d5 3. exd5 cxd5 4. c4 Nf6 5. Nc3 Bg4 6. f3 Bh5 7. Be3 e6 8. Be2
Be7 9. Nh3 Nbd7 10. Nf4 Nb6 11. cxd5 exd5 12. Bb5+ Kf8 13. O-O Bg6 14. a4 a6 15.
Be2 Rc8 16. Qb3 Nc4 17. Bxc4 dxc4 18. Qxb7 a5 19. Qb5 Bb4 20. Ncd5 Nxd5 21. Nxd5
Bd3 22. Rfd1 Rb8 23. Qc6 Rc8 24. Qb5 Rb8 1/2-1/2

[Event "Reykjavik Open"]
[Site "Reykjavik ISL"]
[Date "2012.03.11"]
[Round "7.89"]
[White "Palsdottir, Soley Lind"]
[Black "Vignisson, Ingvar Egill"]
[Result "1/2-1/2"]
[WhiteElo "1323"]
[BlackElo "1558"]
[WhiteFideId "2306824"]
[BlackFideId "2309270"]
[EventDate "2012.03.06"]

1. e4 c5 2. Nf3 d6 3. d4 cxd4 4. Nxd4 Nf6 5. Nc3 a6 6. Bd3 Nbd7 7. O-O e5 8. Nf3
Be7 9. Be3 O-O 10. a3 b6 11. Bc4 Bb7 12. Bd5 Nxd5 13. Nxd5 Bxd5 14. Qxd5 Rc8 15.
Rac1 Nc5 16. b4 Na4 17. c4 Qd7 18. c5 Qe6 19. Qxe6 fxe6 20. cxb6 Rb8 21. Rc7 Bd8
22. Rd7 Nxb6 23. Rxd6 Bc7 24. Rxe6 Rfe8 25. Rxe8+ Rxe8 26. Rc1 Na8 27. g3 Rd8
28. Rc6 Bd6 29. Rc1 Rd7 30. a4 h6 31. Rb1 Kf7 32. b5 axb5 33. axb5 Ke6 34. b6
Bb8 35. Ra1 Nxb6 36. Bxb6 g5 37. Ra6 Rd6 38. h3 Rc6 39. Kg2 Bc7 40. Bxc7 Rxa6
41. Bxe5 Kf7 42. Bd4 Ke6 43. e5 Ra8 44. Bc5 Ra4 45. g4 Rf4 46. Kg3 Rf7 47. Bd6
Kd5 48. h4 Ke4 49. Nd2+ Kd3 50. e6 gxh4+ 51. Kxh4 Rxf2 52. Kh5 Rxd2 53. e7 Re2
54. Kg6 Re6+ 55. Kf7 Re4 56. e8=Q 1/2-1/2

[Event "Reykjavik Open"]
[Site "Reykjavik ISL"]
[Date "2012.03.11"]
[Round "7.91"]
[White "Steinthorsson, Felix"]
[Black "Gundersen, Ingvar"]
[Result "0-1"]
[WhiteElo "1298"]
[BlackElo "1814"]
[WhiteFideId "2310040"]
[BlackFideId "1709585"]
[EventDate "2012.03.06"]

1. d4 f5 2. Nf3 Nf6 3. Bf4 e6 4. e3 b6 5. Nbd2 Bb7 6. c3 Be7 7. Be2 O-O 8. Rg1
c5 9. h3 Nc6 10. Nh2 d5 11. g4 cxd4 12. exd4 Bd6 13. Bg3 Ne4 14. Nxe4 fxe4 15.
Qd2 e5 16. dxe5 Nxe5 17. O-O-O b5 18. a3 Qa5 19. Qc2 Rac8 20. Kb1 Qb6 21. Rde1
a5 22. f3 b4 23. axb4 axb4 24. Qb3 Nc4 25. Kc1 Qe3+ 26. Kc2 Qd2+ 27. Kb1 Bxg3 0-1

[Event "Reykjavik Open"]
[Site "Reykjavik ISL"]
[Date "2012.03.11"]
[Round "7.92"]
[White "Magnusdottir, Veronika Steinunn"]
[Black "Mass, Elvira"]
[Result "0-1"]
[WhiteElo "1580"]
[BlackElo "2040"]
[WhiteFideId "2309114"]
[BlackFideId "4695623"]
[EventDate "2012.03.06"]

1. e4 d6 2. d4 Nf6 3. Nc3 g6 4. f4 Bg7 5. Be3 Ng4 6. Bc1 O-O 7. h3 Nf6 8. Be3 b6
9. Qd2 Bb7 10. Bd3 c5 11. Nf3 c4 12. Bxc4 Nxe4 13. Nxe4 Bxe4 14. Rf1 Qc7 15. Bb3
a5 16. Ng5 Qb7 17. Nxe4 Qxe4 18. O-O-O a4 19. Bc4 Rc8 20. Bd3 Qd5 21. a3 Nc6 22.
Rfe1 Nxd4 23. Kb1 Nf5 24. Bxf5 Qxf5 25. Bxb6 Rab8 26. g4 Qb5 27. Bd4 Bxd4 28.
Qxd4 Rc4 0-1

[Event "Reykjavik Open"]
[Site "Reykjavik ISL"]
[Date "2012.03.12"]
[Round "8.2"]
[White "Avrukh, Boris"]
[Black "Cheparinov, Ivan"]
[Result "1/2-1/2"]
[WhiteTitle "GM"]
[BlackTitle "GM"]
[WhiteElo "2591"]
[BlackElo "2664"]
[WhiteFideId "2803895"]
[BlackFideId "2905540"]
[EventDate "2012.03.06"]

1. d4 Nf6 2. c4 g6 3. g3 Bg7 4. Bg2 O-O 5. Nc3 d6 6. Nf3 Nc6 7. O-O a6 8. d5 Na5
9. Nd2 c5 10. Qc2 Rb8 11. Rb1 b5 12. b3 e5 13. cxb5 axb5 14. b4 cxb4 15. Rxb4
Qc7 16. Qd3 Ba6 17. Ba3 Rfc8 18. Rc1 Qa7 19. e3 Nd7 20. Qb1 Nc4 21. Nxc4 bxc4
22. Ne4 Bf8 23. Rxb8 Rxb8 24. Qc2 Qc7 25. g4 Rb5 26. Nc3 Rb6 27. g5 f5 28. gxf6
Nxf6 29. Rb1 Be7 30. Rb4 Rxb4 31. Bxb4 Qd7 32. Qa4 Qxa4 33. Nxa4 Bb7 34. Nc3 Kf8
35. Kf1 e4 36. Nxe4 Nxd5 37. Bxd6 Bxd6 38. Nxd6 Nxe3+ 39. fxe3 Bxg2+ 40. Ke2 Bd5
41. e4 Bc6 42. e5 Ke7 43. Nxc4 1/2-1/2

[Event "Reykjavik Open"]
[Site "Reykjavik ISL"]
[Date "2012.03.12"]
[Round "8.6"]
[White "Kryvoruchko, Yuriy"]
[Black "Arnold, Marc T"]
[Result "1-0"]
[WhiteTitle "GM"]
[BlackTitle "IM"]
[WhiteElo "2666"]
[BlackElo "2502"]
[WhiteFideId "14109182"]
[BlackFideId "2022320"]
[EventDate "2012.03.06"]

1. c4 Nf6 2. Nc3 e5 3. Nf3 Nc6 4. g3 Bb4 5. Bg2 O-O 6. O-O d6 7. Nd5 Nxd5 8.
cxd5 Nd4 9. Nxd4 exd4 10. e4 dxe3 11. dxe3 a5 12. Bd2 Bc5 13. Bc3 Bd7 14. Qd2 c6
15. Rac1 Qb6 16. h3 cxd5 17. a3 Qd8 18. Qxd5 Bc6 19. Qf5 Qc8 20. Qf4 Bxg2 21.
Kxg2 a4 22. Rfd1 Qe6 23. Rd3 Rfe8 24. Bb4 b6 25. Rcd1 h6 26. Bxc5 dxc5 27. Rd7
b5 28. R1d6 Qe4+ 29. Qxe4 Rxe4 30. Rb7 b4 31. Rdd7 Rf8 32. Ra7 b3 33. Rdc7 Rc4
34. Ra5 Rc2 35. Rcxc5 Rxb2 36. Rxa4 Rb8 37. Rcc4 Ra2 38. Rab4 Rxb4 39. Rxb4 Rxa3
40. g4 g6 41. h4 Kg7 42. Rb6 Kf8 43. Kg3 Kg7 44. h5 gxh5 45. gxh5 Kh7 46. f3 b2
47. e4 Ra5 48. Kh4 Ra2 49. Kg4 Kg7 50. f4 Kg8 51. Kf5 Kg7 52. e5 Kg8 53. Rb7 Kg7
54. Rb8 b1=Q+ 55. Rxb1 Ra6 56. Rd1 Rb6 57. Ra1 Kf8 58. Ra7 Kg7 59. Kg4 Re6 60.
Kf3 Rb6 61. f5 Rb3+ 62. Ke4 Kg8 63. Ra8+ Kh7 64. e6 fxe6 65. fxe6 Rb4+ 66. Ke5
Rb3 67. Ke4 1-0

[Event "Reykjavik Open"]
[Site "Reykjavik ISL"]
[Date "2012.03.12"]
[Round "8.8"]
[White "Maze, Sebastien"]
[Black "Ziska, Helgi Dam"]
[Result "1-0"]
[WhiteTitle "GM"]
[BlackTitle "IM"]
[WhiteElo "2577"]
[BlackElo "2456"]
[WhiteFideId "613762"]
[BlackFideId "7200595"]
[EventDate "2012.03.06"]

1. c4 g6 2. Nc3 Bg7 3. g3 d6 4. Bg2 Nf6 5. e4 O-O 6. Nge2 e5 7. O-O Nc6 8. d3
Be6 9. h3 Ne8 10. Be3 f5 11. Qd2 Nf6 12. Nd5 Qd7 13. Kh2 a5 14. Rac1 Nb4 15. a3
Nbxd5 16. cxd5 Bf7 17. Rc2 Rfc8 18. Rfc1 fxe4 19. dxe4 c6 20. Nc3 b5 21. dxc6
Rxc6 22. Nd5 Rxc2 23. Qxc2 Bxd5 24. exd5 e4 25. Qc6 Re8 26. Bf1 Rb8 27. b4 axb4
28. axb4 Qf7 29. Qxd6 1-0

[Event "Reykjavik Open"]
[Site "Reykjavik ISL"]
[Date "2012.03.12"]
[Round "8.9"]
[White "Gretarsson, Hjorvar Steinn"]
[Black "Papin, Vasily"]
[Result "1/2-1/2"]
[WhiteTitle "IM"]
[BlackTitle "GM"]
[WhiteElo "2460"]
[BlackElo "2575"]
[WhiteFideId "2302241"]
[BlackFideId "4143183"]
[EventDate "2012.03.06"]

1. d4 d5 2. c4 e6 3. Nf3 c6 4. Nc3 dxc4 5. Bg5 f6 6. Bf4 b5 7. e4 Bb7 8. Be2 Ne7
9. O-O Ng6 10. Bg3 Bb4 11. h4 h6 12. Qc2 O-O 13. Rfd1 Nd7 14. d5 Qe8 15. Nd4
Bxc3 16. bxc3 cxd5 17. Bh5 dxe4 18. Nxb5 Nde5 19. Nd6 Qe7 20. Nxb7 Qxb7 21. Rab1
Qc8 22. Bxg6 Nxg6 23. h5 Ne7 24. Bd6 Re8 25. Bxe7 Rxe7 26. Qxe4 e5 27. Rd6 Rc7
28. Rbd1 Qe8 29. Qg4 Qf8 30. Rd7 Rac8 31. a4 f5 1/2-1/2

[Event "Reykjavik Open"]
[Site "Reykjavik ISL"]
[Date "2012.03.12"]
[Round "8.10"]
[White "Ipatov, Alexander"]
[Black "Thorfinnsson, Bragi"]
[Result "1-0"]
[WhiteTitle "GM"]
[BlackTitle "IM"]
[WhiteElo "2561"]
[BlackElo "2421"]
[WhiteFideId "14116731"]
[BlackFideId "2300958"]
[EventDate "2012.03.06"]

1. d4 Nf6 2. c4 e6 3. Nf3 b6 4. Nc3 Bb7 5. Bg5 Be7 6. e3 h6 7. Bh4 O-O 8. Bd3 c5
9. O-O cxd4 10. exd4 d6 11. Re1 Nbd7 12. Rc1 Rc8 13. b4 a6 14. Nd2 Re8 15. Bg3
Bf8 16. a3 e5 17. dxe5 Nxe5 18. Bf1 Ng6 19. Rxe8 Qxe8 20. Na4 Qc6 21. f3 Ne5 22.
Bf2 Ned7 23. Rc3 a5 24. b5 Qc7 25. Nb3 Rd8 26. Rc2 Nc5 27. Nbxc5 dxc5 28. Bg3
Bd6 29. Rd2 Ne8 30. Kh1 Kf8 31. Be5 Bxe5 32. Rxd8 Bd6 33. Qxd6+ Qxd6 34. Rxd6
Nxd6 35. Nxb6 Bc8 36. Bd3 Ke8 37. Na4 Be6 38. Nb2 Nc8 39. Na4 Nd6 40. Nb2 Nc8
41. Kg1 Nb6 42. f4 f6 43. Kf2 Kd7 44. Ke3 Kc7 45. Kd2 Bc8 46. Be4 Be6 47. Kc3
Bg4 48. Bd3 Bc8 49. Nd1 Bb7 50. Ne3 Nc8 51. Nf5 Bxg2 52. Nxg7 Nd6 53. Nh5 f5 54.
Ng3 Bh3 55. Nf1 h5 56. Ne3 h4 57. Kd2 Kd7 58. Ke2 Ke6 59. Kf2 Bg4 60. Nxg4 fxg4
61. b6 Kd7 62. f5 Nf7 63. Be4 Nd6 64. Bd5 Ne8 65. Ke3 Nf6 66. Kf4 g3 67. hxg3
Nxd5+ 68. cxd5 h3 69. Kf3 h2 70. Kg2 c4 71. b7 Kc7 72. b8=Q+ Kxb8 73. f6 1-0

[Event "Reykjavik Open"]
[Site "Reykjavik ISL"]
[Date "2012.03.12"]
[Round "8.11"]
[White "Kristiansen, Jens"]
[Black "Steingrimsson, Hedinn"]
[Result "0-1"]
[WhiteTitle "IM"]
[BlackTitle "GM"]
[WhiteElo "2432"]
[BlackElo "2556"]
[WhiteFideId "1400061"]
[BlackFideId "2300117"]
[EventDate "2012.03.06"]

1. e4 c6 2. d3 d5 3. Nd2 e5 4. Ngf3 Bd6 5. g3 Nf6 6. Bg2 O-O 7. O-O Re8 8. Re1
Nbd7 9. b3 a5 10. a3 d4 11. Nh4 Bf8 12. Rf1 a4 13. b4 c5 14. b5 Nb6 15. Qe1 c4
16. f4 cxd3 17. cxd3 Bd7 18. Ndf3 exf4 19. Bxf4 Bxb5 20. Qb1 Ba6 21. Nf5 Rc8 22.
Ne5 Re6 23. Bh3 Rc3 24. Qa2 Rb3 25. Rab1 Rxe5 26. Bxe5 Bxd3 27. Nh6+ gxh6 28.
Bxf6 Be7 29. Bxe7 Qxe7 30. Rxb3 axb3 31. Qxb3 Bxf1 32. Kxf1 Qc5 33. e5 Nc4 34.
Qxb7 Ne3+ 35. Kf2 d3 36. e6 Ng4+ 0-1

[Event "Reykjavik Open"]
[Site "Reykjavik ISL"]
[Date "2012.03.12"]
[Round "8.14"]
[White "Kjartansson, Gudmundur"]
[Black "Williams, Simon K"]
[Result "0-1"]
[WhiteTitle "IM"]
[BlackTitle "GM"]
[WhiteElo "2357"]
[BlackElo "2506"]
[WhiteFideId "2301318"]
[BlackFideId "404454"]
[EventDate "2012.03.06"]

1. d4 Nf6 2. c4 c5 3. d5 e5 4. Nc3 d6 5. e4 Nbd7 6. g3 a6 7. Bg2 b5 8. cxb5 axb5
9. Nxb5 Ba6 10. Nc3 Qb6 11. Nge2 Be7 12. O-O O-O 13. Qc2 Rfb8 14. Rb1 Bd8 15. b3
Qa7 16. a4 Ba5 17. Na2 Rb6 18. Bf3 Rab8 19. Be3 Qb7 20. Nec1 Bxf1 21. Kxf1 Ra8
22. Be2 Nb8 23. Qc4 Na6 24. Nd3 Rb8 25. Bd1 Nb4 26. Naxb4 Bxb4 27. f3 Ba5 28.
Kg2 Qe7 29. Qc2 Nd7 30. Nb2 Bb4 31. Be2 R6b7 32. Ba6 Rc7 33. Be2 c4 34. Nxc4 Nb6
35. Qd1 Nxc4 36. Bxc4 Bc5 37. Bd2 Qd7 38. Qe2 Rcc8 39. Ba6 Rf8 40. Bb5 Qa7 41.
b4 Bd4 42. Bc6 f5 43. a5 f4 44. b5 h5 45. b6 Qf7 46. Be1 fxg3 47. hxg3 g5 48.
Bf2 g4 49. f4 exf4 50. gxf4 Qg7 51. Bxd4 Qxd4 52. f5 Rf7 53. b7 h4 54. Rb3 g3
55. Kh3 g2 56. Qxg2+ Rg7 57. Qh1 Qf2 58. Qh2 Qf1+ 59. Kxh4 Kf7 60. Be8+ Rxe8 61.
b8=Q Rxe4+ 0-1

[Event "Reykjavik Open"]
[Site "Reykjavik ISL"]
[Date "2012.03.12"]
[Round "8.16"]
[White "L'Ami, Erwin"]
[Black "Kiewra, Keaton F"]
[Result "1-0"]
[WhiteTitle "GM"]
[BlackTitle "FM"]
[WhiteElo "2611"]
[BlackElo "2355"]
[WhiteFideId "1007998"]
[BlackFideId "2019280"]
[EventDate "2012.03.06"]

1. d4 Nf6 2. c4 g6 3. Nf3 Bg7 4. g3 O-O 5. Bg2 d5 6. cxd5 Nxd5 7. O-O Nb6 8. Nc3
Nc6 9. d5 Na5 10. Qc2 c6 11. dxc6 Nxc6 12. Rd1 Qc7 13. Nb5 Qb8 14. Bf4 e5 15.
Be3 Bf5 16. Qc1 Rc8 17. Bxb6 axb6 18. Nd6 Rc7 19. Nxf5 gxf5 20. Qg5 Nd4 21. Nxd4
exd4 22. Qxf5 Qc8 23. Qxc8+ Raxc8 24. Be4 d3 25. Bxd3 Bxb2 26. Rab1 Rc1 27.
Rdxc1 Rxc1+ 28. Rxc1 Bxc1 29. Kg2 Ba3 30. f4 h6 31. Kf3 Kg7 32. Kg4 Kf6 33. e4
Bc5 34. e5+ Kg7 35. Kf5 Bg1 36. h3 Bh2 37. g4 Bg3 38. Bc4 Bh4 39. e6 1-0

[Event "Reykjavik Open"]
[Site "Reykjavik ISL"]
[Date "2012.03.12"]
[Round "8.18"]
[White "Stefansson, Hannes"]
[Black "Aguera Naredo, Javier"]
[Result "1-0"]
[WhiteTitle "GM"]
[BlackTitle "FM"]
[WhiteElo "2531"]
[BlackElo "2358"]
[WhiteFideId "2300087"]
[BlackFideId "2204169"]
[EventDate "2012.03.06"]

1. d4 Nf6 2. Nf3 g6 3. c4 Bg7 4. g3 O-O 5. Bg2 d6 6. O-O c6 7. Nc3 Qa5 8. e4 e5
9. h3 Nbd7 10. d5 cxd5 11. cxd5 b5 12. Nd2 b4 13. Nb3 Qb6 14. Be3 Qb8 15. Ne2 a5
16. a4 Nb6 17. Re1 Nc4 18. Bc1 Ba6 19. g4 Nd7 20. Ng3 Qa7 21. Qf3 Rac8 22. h4
Bf6 23. h5 Kg7 24. Nd2 Bd8 25. Ndf1 Nc5 26. Rd1 b3 27. Bh3 Rb8 28. Ne3 Nxe3 29.
Qxe3 Qe7 30. Kg2 Rb4 31. Bd2 Rd4 32. Kh2 Kh8 33. f4 Rd3 34. Qf2 Qh4 35. Be3 Bb6
36. fxe5 dxe5 37. Qf3 Bc8 38. Rxd3 Nxd3 39. Bxb6 Nf4 40. Ne2 gxh5 41. Nxf4 hxg4
42. Ng2 Qh5 43. Qf6+ Kg8 44. Nh4 1-0